000 01610 a2200205 4500
001 47892
005 20260407155744.0
008 260407a1985 arg spa d
003 AR-UNSa-BCEJYS
040 _aAR-UNSa-BCEJYS
_bspa
_cAR-UNSa-BCEJYS
080 _a004.2
_xAnálisis y diseños de sistemas
245 1 0 _aInformática, presente y futuro
020 _a968-451-567-7
264 1 _aMéxico :
_bMcGraw-Hill
_c1985
300 _a670 p.
_c24 cm.
505 _a1. Qué son las computadoras: Introducción - 2. Computadoras en el trabajo: panorama general - 3. Beneficios de las computadoras: resumen - 4. Efecto de la computadora en el trabajo: panorama - 5. Conceptos sobre el procesador central: los códigos y los componentes - 6. Captura de datos - 7. Almacenamiento secundario de las computadoras - 8. Salida de computadoras - 9. Micros, minis, macros y supercomputadoras - 10. Comunicación de datos y redes de proceso distribuido de datos - 11. Sistemas de proceso de la palabra y de correo/mensajería electrónicos - 12. Análisis de la programación - 13. Preparación de programas para computadora: panorama - 14. Programación en BASIC - 15. Sistemas operativos: conceptos y funciones - 16. Consideraciones de análisis, diseño e implantación de sistemas - 17. Opciones de archivo y proceso de los sistemas - 18. Sistemas de información gerencial - 19. El efecto de las computadoras en la sociedad - 20. El efecto de las computadoras en las organizaciones - 21. El futuro de las computadoras -
942 _cBK
590 _aniveau_biblio:m niveau_hierar:0
100 1 _aSanders, Donald H.
999 _c4475
_d4475